000 00567nam a2200193Ia 4500
008 240729s9999 xx 000 0 und d
022 _a2475-0328
245 0 _aAnnals of Gastroenterological Surgery
260 _aUnited States
260 _bWiley
650 _a Diseases of the digestive system. Gastroenterology
650 _a Internal medicine
650 _a Specialties of internal medicine
650 _a Surgery | Medicine
650 _aMedicine
856 _uhttps://doaj.org/toc/2780e023180547ca855b0a2096031999
942 _2ddc
942 _cDOAJEJ
999 _c72696
_d72696
945 _a1
_bMadushi Gamage
_c1
_dMadushi Gamage